=LDR 00000nam 2200000 4500 =001 INLIS000000000020818 =005 20130612115734 =008 ***********************************Ind** =035 ##$$0010-061300000020818 =041 ##$$a Ind =090 ##$$a 372.6, Hid m =100 ##$$a Hidayat, Kidh =245 ##$$a Mulai mengenal dan menulis abjad, Kidh Hidayat =260 ##$$a (s.a) $b Surabaya =300 ##$$a 32 hlm., ilus., 21 cm =650 ##$$a Menuls-Pendidikan Dasar =850 ##$$a NBPNMAT